Score 0/15 Timer 03:00
0 Plays Today
% Correct
pepperoni
92.3%
ham
84.8%
pineapple
79.8%
red onion
75.3%
bacon
69.6%
chicken
66.2%
mushrooms
65.5%
beef
64.2%
% Correct
green peppers
55.3%
italian sausage
49.4%
black olives
43.5%
green olives
23.8%
banana peppers
17.5%
pork sausage
13.4%
jalepeƱos
5.9%
Remove Ads.
Support Sporcle.
Get the best of Sporcle when you Go Orange. This ad-free experience offers more features, more stats, and more fun while also helping to support Sporcle. Thank you for becoming a member.

You're not logged in!

Compare scores with friends on all Sporcle quizzes.
OR
Log In

Show Comments

Extras

Created Oct 28, 2010ReportNominate
Tags:Pizza, Topping

Top Quizzes Today


Score Distribution

Your Account Isn't Verified!

In order to create a playlist on Sporcle, you need to verify the email address you used during registration. Go to your Sporcle Settings to finish the process.

Report this User

Report this user for behavior that violates our Community Guidelines.

Details: